Statistics for Countries with the 40 Most Cases of the COVID-19 Coronavirus

Click here to take the quiz!

General Stats

  • This quiz has been taken 339 times
    (251 since last reset)
  • The average score is 29 of 40

Answer Stats

CountryCasesDeaths% Correct
United States305,8208,291
100%
China82,5433,330
95%
Italy124,63215,362
94%
France90,8437,574
92%
United Kingdom42,4494,320
92%
Germany95,6141,427
90%
Spain124,87011,744
90%
Brazil10,278431
89%
India3,08286
89%
Japan2,93569
89%
Russia4,73143
88%
Canada12,978215
86%
South Korea10,156177
83%
Sweden6,443373
81%
Iran55,7433,452
80%
Turkey23,934501
79%
Norway5,55062
77%
Australia5,55030
75%
Belgium18,4311,283
74%
Netherlands16,7271,656
74%
Indonesia2,092191
73%
Poland3,62779
73%
Portugal10,524266
73%
Finland1,88225
71%
Austria11,781186
70%
Denmark4,269161
70%
Ireland4,604137
69%
Pakistan2,81841
69%
Switzerland20,505666
68%
Saudi Arabia2,17929
65%
Thailand2,06720
63%
Romania3,613146
62%
Peru1,74673
59%
Chile4,16127
58%
Philippines3,094144
58%
Malaysia3,48357
57%
Czech Republic4,36259
51%
Israel7,85144
47%
Ecuador3,465172
34%
Luxembourg2,72931
31%

Score Distribution

Percentile by Number Answered

Percent of People with Each Score

Your Score History

You have not taken this quiz since the last reset